Normal view
MARC view
- AUTOMOBILE- MOTORS. AUTOMOBILE ENGINEERING
Entry Topical Term
001 - CONTROL NUMBER
- control field: 63399
003 - CONTROL NUMBER IDENTIFIER
- control field: NUST
005 - DATE AND TIME OF LATEST TRANSACTION
- control field: 20210628203120.0
008 - FIXED-LENGTH DATA ELEMENTS
- fixed length control field: 210628|| aca||aabn | a|a d
040 ## - CATALOGING SOURCE
- Original cataloging agency: NUST
- Transcribing agency: NUST
150 ## - HEADING--TOPICAL TERM
- Topical term or geographic name entry element: AUTOMOBILE- MOTORS. AUTOMOBILE ENGINEERING
670 ## - SOURCE DATA FOUND
- Source citation: Work cat.: (NUST): Crouse, William H , Anglin, Donald L 63398, Automotive engines , construction operation and maintenance, 1976
